Arte de mvsica de canto Dorgam, e canto Cham, & proporções de mufica diuididas harmonicamente (Registo nº 198551)
[ vista simples ]
| 000 -Etiqueta do registo | |
|---|---|
| Valores | 00852nam 22002053 4500 |
| 010 ## - Número ISBN | |
| ISBN | 972-95973-0-8 |
| 021 ## - Número do Depósito Legal | |
| Código do país | Portugal |
| Número | 113472/97 |
| 100 ## - Dados gerais de processamento | |
| Dados gerais | 20251022d u||y0pory50 ba |
| 200 ## - Titulo e menção de responsabilidade | |
| Título próprio | Arte de mvsica de canto Dorgam, e canto Cham, & proporções de mufica diuididas harmonicamente |
| Primeira menção de responsabilidade | Antonio Fernandez |
| 210 ## - Publicação | |
| Local de publicação | [Évora] |
| Nome do editor | Publinorma |
| Data de publicação | 1996 |
| 215 ## - Descrição física | |
| Paginação / Volumes | XIV, [12], 125 p. |
| Outras indicações físicas | il. ; brochado |
| Dimensões | 21 cm |
| 300 ## - Notas gerais | |
| Texto da nota | . - Reprodução em fac-símile do exemplar com a cota Reservado nº332 da Biblioteca Pública e Arquivo Distrital de Évora, com introdução do cónego Doutor José Augusto Alegria<br/>. - História da Escola de Música na Sé de Évora |
| 606 ## - Nome comum usado como assunto | |
| ID Autoridade | 1103 |
| Palavra de ordem | Música |
| 675 ## - CDU | |
| Notação | 785.5(469) |
| Edição | PT |
| Língua | por |
| 700 ## - Autor principal (pessoa individual) | |
| ID Autoridade | 14474 |
| Apelido | Fernandez |
| Nome | António |
| 801 ## - Fonte de origem | |
| País | PT |
| Agência | BMMN |
| Regras de catalogação | RPC |
| 830 ## - Notas gerais do catalogador | |
| Criado por | Ana |
| Indexado por | Ana |
| 990 ## - Elementos KOHA | |
| Tipo de documento | Livro |
| Situação do levantamento | Biblioteca de origem | Código de barras | Cota | Permissão de empréstimo | Tipo de documento | Forma de aquisição |
|---|---|---|---|---|---|---|
| Biblioteca Municipal de Montemor-o-Novo | 26916 | 78 FER|FLR | Livro | Compra |